| 000 | 00806nam a2200205 i 4500 | ||
|---|---|---|---|
| 001 | 73754 | ||
| 003 | ES-MaACL | ||
| 005 | 20250815070711.0 | ||
| 007 | t| | ||
| 008 | 040910q19701979po ||||1| spa d | ||
| 100 | 0 |
_aGómez-Tabanera, José Manuel, _d1926-2011 _958165 |
|
| 245 | 1 | 0 |
_aFernao Mendes Pinto y el conocimiento etnográfico de Lejano Oriente en el siglo XVI / _cJosé Gómez-Tabanera. |
| 260 |
_aPorto : _bJunta Distrital : _bMuseu de Etnografía e Historia, _c[197-?] |
||
| 300 |
_a24 p. : _bil. ; _c23 cm. |
||
| 500 | _aEs Separata de: Revista de etnografía, nº 31, p. 5-24. | ||
| 600 | 1 | 7 |
_aPinto, Fernao Mendes, _dca. 1509-1583. _tPeregrinação _2 _9138274 |
| 710 | 2 |
_aMuseu de Etnografía e Historia (Porto) _95940 |
|
| 852 |
_aES-MaACL _j2138-F-8 _bR.114400 |
||
| 999 |
_c73754 _d73754 |
||